Normal view
MARC view
Entry Meeting Name
001 - CONTROL NUMBER
- control field: 6744
003 - CONTROL NUMBER IDENTIFIER
- control field: OSt
005 - DATE AND TIME OF LATEST TRANSACTION
- control field: 20211105132814.0
008 - FIXED-LENGTH DATA ELEMENTS
- fixed length control field: 211105|| aca||aabn | a|a d
040 ## - CATALOGING SOURCE
- Original cataloging agency: OSt
- Transcribing agency: OSt
111 ## - HEADING--MEETING NAME
- Meeting name or jurisdiction name as entry element: AGARD Avionics Panel Meeting
- Number of part/section/meeting: 6th
- Location of meeting: Paris
- Date of meeting or treaty signing: 1962
670 ## - SOURCE DATA FOUND
- Source citation: Work cat.: (OSt): AGARD Avionics Panel Meeting 6th Paris 1962, Light and heat sensing, 1963